000 00316nam a2200133Ia 4500
005 20251222153643.0
008 251222s9999||||xx |||||||||||||| ||spa||
082 _a353.795/M84
100 _aMontoya, Modesto
245 0 _aTecnologĂ­a Nuclear en el PerĂș
250 _a1ra. ed.
264 _bCONCYTEC
942 _cLIB
999 _c32825
_d32825